| 000 | 00640nam a2200253 a 4500 | ||
|---|---|---|---|
| 999 |
_c5038 _d5038 |
||
| 001 | 5038 | ||
| 003 | BD-JhCC | ||
| 005 | 20171207122803.0 | ||
| 008 | 171207s19331961ii |||| || | 001 0 eng d | ||
| 035 | _a(BD-JhCC)5038 | ||
| 040 |
_aBD-JhCC _dBD-JhCC |
||
| 041 | _aeng | ||
| 082 |
_a428.2 _bRYB 1961 |
||
| 100 | _aRyburn, W. M. | ||
| 245 |
_aThe Teaching of English / _cW. M. Ryburn, M. A. |
||
| 250 | _a8th Ed. | ||
| 260 |
_aBombay : _bOxford University Press, _c1961. |
||
| 300 |
_a213 p. : _c18 cm. |
||
| 504 | _aIncludes Index | ||
| 650 | _aEnglish Teaching | ||
| 650 | _aEnglish Language | ||
| 942 |
_2ddc _cBK |
||